Responses for Show #711 - Monday, October 12, 1987

Richard Perez-Pena game 4.

Contestants

[<< previous game]

Barbara Bierbauer, a teacher from Somers, New York

Michael Goldberg, a mediator originally from Brooklyn, New York

Richard Perez-Pena, a journalist originally from Cuba (whose 3-day cash winnings total $19,500)

[next game >>]

Jeopardy! Round responses

WORLD HISTORY
GRIMM FAIRY TALES
VOLCANOES
HOLIDAYS & OBSERVANCES
"M.M."
SEA SONGS
    $100 1
Cuba

Richard
    $100 3
Sleeping Beauty

Barbara
    $100 13
hell

Michael
    $100 8
Thanksgiving

Triple Stumper
    $100 9
Marilyn Monroe

Barbara
    $100 26
[The end-of-round signal sounds.]

Santa Catalina

Barbara
    $200 2
Italy

Barbara
    $200 4
a frog

Richard
    $200 14
Antarctica

Richard
    $200 10
beard (growing)

Richard
    $200 11
Mad Max

Richard
    $300 5
Botha

Richard
    $300 16
it talks

Richard
    $300 15
lava

Barbara
    $300 21
to light the other candles

Michael
    $300 12
Minnie Mouse

Triple Stumper
    $300 24
"Anchors Aweigh"

Richard
    $400 6
Napoleon III (Louis-Napoleon)

Richard
    $400 25
death

Triple Stumper
    $700 17
the "Ring Of Fire"

Richard
    $400 22
(Alex: We've got about a minute to go in the round.)

Queen Victoria & Queen Elizabeth II

Triple Stumper
    $400 19
the Mayflower Madam

Michael
    $500 7
(Antonio López de) Santa Anna

Richard
    $500 18
Colombia

Richard
    $500 23
Armistice Day (Veterans Day)

Michael
    $500 20
Mau Maus

Barbara

Scores at the first commercial break (after clue 12):

Richard Michael Barbara
$1,900 $0 $400

Scores at the end of the Jeopardy! Round:

Richard Michael Barbara
$3,900 $1,300 $1,300

Double Jeopardy! Round responses

20th CENTURY PERSONALITIES
FICTIONAL CHARACTERS
WORD ORIGINS
LOUISIANA
POTENT POTABLES
HYPNOTISM
    $200 3
Babe Ruth

Richard
    $200 2
Rhett Butler

Richard
    $200 1
[Barbara selected the first clue.]
(Alex: Not fast enough, Michael.)

Derby

Triple Stumper
    $200 16
oil

Richard
    $200 8
(Barbara: What is 105?)

100%

Barbara
Triple Stumper
    $200 22
(Alex: We've got a minute to go in the round.)

sleep

Michael
    $400 4
Stalin

Richard
    $400 11
The Great Gatsby

Barbara
    $400 9
Filberts

Triple Stumper
    $400 17
Mardi Gras

Richard
    $400 21
rum

Richard
    $2,100 24
(Michael: Who was Morse?)

Benjamin Franklin

Michael
    $600 5
Mao Tse Tung

Richard
    $1,000 12
The Prince and the Pauper

Barbara
    $600 10
(Richard: What is tacky?)

tawdry

Richard
Triple Stumper
    $600 18
Superdome

Barbara
    $800 6
Peary

Michael
    $800 13
Jane Eyre

Barbara
    $800 15
hoodlum

Michael
    $800 19
Spanish moss

Triple Stumper
    $800 25
[The end-of-round signal sounds.]

Svengali

Triple Stumper
    $1000 7
Lord Mountbatten

Richard
    $1000 14
Lorelei

Barbara
    $1000 20
crestfallen

Triple Stumper
    $1000 23
Tabasco sauce

Triple Stumper

Scores at the end of the Double Jeopardy! Round:

Richard Michael Barbara
$6,700 $1,000 $4,900

[wagering suggestions for these scores]

Final Jeopardy! Round responses

CONGRESS
MichaelWho are Nixon & Truman?
$1,000
BarbaraWho are Nixon & Kennedy?
$2,900
RichardWho were Kennedy & Lyndon Johnson
$4,600
(2 of) (Richard) Nixon, (John) Kennedy or (Lyndon) Johnson

Final scores:

Richard Michael Barbara
$11,300 $0 $7,800
4-day champion: $30,800 3rd place: Brother Compactronic AX-33 typewriter 2nd place: La-Z-Boy Signature II sleep sofa + Shoppers serigraph by Leo Posillico courtesy of Martin Lawrence Galleries

Game dynamics:

Coryat scores:

Richard Michael Barbara
$6,400 $3,100 $4,500
20 R
(including 1 DD),
1 W
7 R,
1 W
(including 1 DD)
11 R
(including 1 DD),
1 W

Combined Coryat: $14,000

[game clues] [game scores] [suggest correction]

Game tape date: 1987-08-17
The J! Archive is created by fans, for fans. Scraping, republication, monetization, and malicious use prohibited; this site may use cookies and collect identifying information. See terms. The Jeopardy! game show and all elements thereof, including but not limited to copyright and trademark thereto, are the property of Jeopardy Productions, Inc. and are protected under law. This website is not affiliated with, sponsored by, or operated by Jeopardy Productions, Inc. Join the discussion at JBoard.tv.